[Event "DSOL 04 Liga Final 1st"]
[Site "Playchess.com INT"]
[Date "2020.08.24"]
[Round "1.2"]
[White "Gehringer, Frank"]
[Black "Mandelkow, Elias"]
[Result "1-0"]
[WhiteElo "1878"]
[BlackElo "1845"]
[PlyCount "117"]
[EventDate "2020.06.22"]
[EventType "team-k.o. (rapid)"]
[EventCountry "GER"]
[SourceTitle "EXT 2021"]
[Source "ChessBase"]
[SourceDate "2020.10.23"]
[SourceVersion "1"]
[SourceVersionDate "2020.10.23"]
[SourceQuality "1"]
[WhiteTeam "Leinfelden"]
[BlackTeam "Hamburger SK IV"]
[WhiteTeamCountry "GER"]
[BlackTeamCountry "GER"]

1. e4 c5 2. Nf3 d6 3. d4 cxd4 4. Nxd4 Nf6 5. f3 e5 6. Bb5+ Nbd7 7. Nf5 Qb6 8. Nc3 a6 9. Be3 Qc7 10. Bxd7+ Bxd7 11. Ng3 Be7 12. 0-0 Rc8 13. Qd2 b5 14. a3 Be6 15. Rf2 Nd7 16. Nf5 Bxf5 17. exf5 Nb6 18. Nd5 Nxd5 19. Qxd5 0-0 20. Rd1 Qc4 21. g3 Rc7 22. c3 Rb8 23. Rfd2 a5 24. Rd3 b4 25. Qxa5 bxa3 26. Qxa3 Rb3 27. Qa2 Rcb7 28. R1d2 Qb5 29. Rd5 Qe8 30. Ra5 Rb8 31. Ra8 Rxc3 32. Rxb8 Rc1+ 33. Kf2 Qxb8 34. Rxd6 Bxd6 35. Bxc1 Qc8 36. Qb1 f6 37. Be3 Kf8 38. b4 Qc4 39. b5 Bc5 40. b6 Bxe3+ 41. Kxe3 Qd4+ 42. Ke2 Qc4+ 43. Qd3 Qa2+ 44. Ke3 Qa8 45. Qd6+ Ke8 46. Qe6+ Kf8 47. Qd6+ Ke8 48. Qc7 Qa3+ 49. Ke4 Qb4+ 50. Kd5 Qb5+ 51. Kd6 Qb4+ 52. Kc6 Qc3+ 53. Kb7 Qa5 54. Qc8+ Ke7 55. Qe6+ Kf8 56. Kc7 Qc5+ 57. Qc6 Qe7+ 58. Kb8 Kf7 59. Qc7 1-0

[Event "DSOL 04 Liga Gr-B 1st"]
[Site "Playchess.com INT"]
[Date "2020.06.22"]
[Round "1.2"]
[White "Kaiser, Sebastian"]
[Black "Gehringer, Frank"]
[Result "1-0"]
[WhiteElo "1869"]
[BlackElo "1878"]
[PlyCount "85"]
[EventDate "2020.06.22"]
[EventType "team-tourn (rapid)"]
[EventCountry "GER"]
[SourceTitle "EXT 2021"]
[Source "ChessBase"]
[SourceDate "2020.10.23"]
[SourceVersion "1"]
[SourceVersionDate "2020.10.23"]
[SourceQuality "1"]
[WhiteTeam "Grossroehrsdorf"]
[BlackTeam "Leinfelden"]
[WhiteTeamCountry "GER"]
[BlackTeamCountry "GER"]

1. d4 Nf6 2. Nf3 d5 3. c4 c6 4. Qc2 g6 5. Nc3 Bg7 6. Bf4 0-0 7. e3 Nbd7 8. h3 dxc4 9. Bxc4 b5 10. Bd3 Bb7 11. 0-0 a6 12. b4 e6 13. a3 Qe7 14. Rab1 Nd5 15. Bg3 Rfc8 16. Rfc1 a5 17. Qb2 axb4 18. axb4 N7b6 19. Be5 Bf8 20. Nxd5 Nxd5 21. Ra1 Nxb4 22. Be4 f5 23. Bb1 Rxa1 24. Qxa1 Nd5 25. Bg3 Qa3 26. Qxa3 Bxa3 27. Rc2 Be7 28. Ba2 Kf8 29. Ne5 Nb4 30. Rb2 Nxa2 31. Rxa2 Ra8 32. Rc2 Ke8 33. Nd3 Ra1+ 34. Kh2 Ra3 35. Ne5 Ra8 36. Nd3 Bc8 37. Rxc6 Bd7 38. Rc7 b4 39. Rb7 Bc8 40. Rb6 Ra6 41. Rb8 Kd8 42. Nxb4 Bd6 43. Nxa6 1-0

[Event "Wuerttemberg-ch KT"]
[Site "Stuttgart"]
[Date "2016.09.04"]
[Round "9"]
[White "Luedke, Joshua"]
[Black "Gehringer, Frank"]
[Result "1-0"]
[WhiteElo "1934"]
[BlackElo "2010"]
[PlyCount "51"]
[EventDate "2016.08.27"]
[EventType "swiss"]
[EventRounds "9"]
[EventCountry "GER"]
[SourceTitle "EXT 2017"]
[Source "ChessBase"]
[SourceDate "2016.10.25"]
[SourceVersion "1"]
[SourceVersionDate "2016.10.25"]
[SourceQuality "1"]

1. d4 d5 2. c4 e5 3. dxe5 d4 4. Nf3 Nc6 5. Nbd2 Bg4 6. Qb3 Rb8 7. a3 Nge7 8. h3 Bxf3 9. Nxf3 Ng6 10. Bg5 Be7 11. Bxe7 Qxe7 12. Rd1 Ngxe5 13. Nxd4 0-0 14. Nxc6 bxc6 15. Qc3 f5 16. f4 Ng6 17. g3 Nxf4 18. gxf4 Qh4+ 19. Kd2 Qxf4+ 20. e3 Rfd8+ 21. Bd3 Qf2+ 22. Kc1 Qxe3+ 23. Kb1 Qc5 24. Bc2 Rd6 25. Rhf1 g6 26. Rf3 1-0

[Event "Wuerttemberg-ch KT"]
[Site "Stuttgart"]
[Date "2016.08.29"]
[Round "3"]
[White "Gehringer, Frank"]
[Black "Gustain, Marc"]
[Result "0-1"]
[WhiteElo "2010"]
[BlackElo "2131"]
[PlyCount "66"]
[EventDate "2016.08.27"]
[EventType "swiss"]
[EventRounds "9"]
[EventCountry "GER"]
[SourceTitle "EXT 2017"]
[Source "ChessBase"]
[SourceDate "2016.10.25"]
[SourceVersion "1"]
[SourceVersionDate "2016.10.25"]
[SourceQuality "1"]

1. f4 d5 2. Nf3 Bg4 3. e3 Nd7 4. Be2 Ngf6 5. d4 e6 6. Nbd2 c5 7. c3 Be7 8. 0-0 0-0 9. Ne5 Bxe2 10. Qxe2 Rc8 11. Ndf3 Ne4 12. Nxd7 Qxd7 13. Ne5 Qe8 14. Bd2 a6 15. Rf3 f6 16. Ng4 Qa4 17. Be1 cxd4 18. exd4 Bd6 19. Nf2 f5 20. Nd3 Qe8 21. Bf2 b5 22. Be3 a5 23. a3 Rf7 24. Rc1 Rb7 25. Rff1 h6 26. Kh1 Rf7 27. Kg1 Rb7 28. Kh1 Kh7 29. Rg1 b4 30. cxb4 Rxc1 31. Bxc1 axb4 32. axb4 Qb5 33. g4 Qxd3 0-1

[Event "Wuerttemberg-ch KT"]
[Site "Stuttgart"]
[Date "2016.08.27"]
[Round "1"]
[White "Gehringer, Frank"]
[Black "Zimmermann, Tobias"]
[Result "1-0"]
[WhiteElo "2010"]
[BlackElo "1820"]
[PlyCount "111"]
[EventDate "2016.08.27"]
[EventType "swiss"]
[EventRounds "9"]
[EventCountry "GER"]
[SourceTitle "EXT 2017"]
[Source "ChessBase"]
[SourceDate "2016.10.25"]
[SourceVersion "1"]
[SourceVersionDate "2016.10.25"]
[SourceQuality "1"]

1. e4 c5 2. Nf3 d6 3. d4 cxd4 4. Nxd4 Nf6 5. f3 a6 6. c4 e6 7. Be3 Nbd7 8. Nc3 b6 9. Be2 Bb7 10. Qd2 Qc7 11. 0-0 Rc8 12. Rac1 Be7 13. Rfd1 h5 14. Nc2 Ne5 15. Na4 Nfd7 16. b4 Qb8 17. Qd4 Nxc4 18. Bxc4 e5 19. Qd3 b5 20. Bxf7+ Kxf7 21. Nc3 Nf6 22. Bd2 Rhd8 23. Ne3 Qa7 24. Kh1 Qd4 25. Qb1 d5 26. Ncxd5 Rxc1 27. Bxc1 Qa7 28. Nxe7 Rxd1+ 29. Nxd1 Kxe7 30. Be3 Qb8 31. Bc5+ Ke8 32. Qb3 Qc8 33. Ne3 g6 34. h3 Qd7 35. Kh2 Kd8 36. Kg3 Qd2 37. Qd1 Qxd1 38. Nxd1 Ke8 39. Kh4 Kf7 40. Nf2 Ne8 41. Nd3 Kf6 42. a3 Ng7 43. Bd6 g5+ 44. Kg3 Ne6 45. Bxe5+ Kg6 46. h4 g4 47. Nc5 Bc8 48. Nxe6 Bxe6 49. f4 Bc4 50. f5+ Kh6 51. Kf4 Bd3 52. g3 Bc2 53. Bf6 Bb3 54. e5 Bd5 55. e6 Bc6 56. Ke5 1-0

[Event "Stuttgart-chA op"]
[Site "Ditzingen"]
[Date "2015.05.15"]
[Round "4"]
[White "Baenziger, Fabian"]
[Black "Gehringer, Frank"]
[Result "1/2-1/2"]
[WhiteElo "1954"]
[BlackElo "2050"]
[PlyCount "35"]
[EventDate "2015.05.14"]
[EventType "swiss"]
[EventRounds "7"]
[EventCountry "GER"]
[SourceTitle "EXT 2018"]
[Source "ChessBase"]
[SourceDate "2017.10.13"]
[SourceVersion "1"]
[SourceVersionDate "2017.10.13"]
[SourceQuality "1"]

1. e4 e5 2. Nf3 Nc6 3. Nc3 Nf6 4. Bb5 Nd4 5. Bc4 Bc5 6. d3 d6 7. Na4 Bb6 8. Nxb6 axb6 9. c3 Ne6 10. Qe2 0-0 11. g3 Re8 12. Bg5 Nxg5 13. Nxg5 Re7 14. 0-0-0 c6 15. h4 d5 16. Bb3 Bd7 17. Kb1 b5 18. Rde1 1/2-1/2

[Event "Stuttgart-chA op"]
[Site "Ditzingen"]
[Date "2015.05.15"]
[Round "3"]
[White "Gehringer, Frank"]
[Black "Issaad, Pascal"]
[Result "0-1"]
[WhiteElo "2050"]
[BlackElo "1845"]
[PlyCount "60"]
[EventDate "2015.05.14"]
[EventType "swiss"]
[EventRounds "7"]
[EventCountry "GER"]
[SourceTitle "EXT 2018"]
[Source "ChessBase"]
[SourceDate "2017.10.13"]
[SourceVersion "1"]
[SourceVersionDate "2017.10.13"]
[SourceQuality "1"]

1. Nf3 b5 2. g3 Bb7 3. Bg2 Nf6 4. d4 e6 5. 0-0 Be7 6. Nbd2 0-0 7. Re1 d5 8. Ne5 Nbd7 9. Ndf3 c5 10. c3 a5 11. Bg5 h6 12. Nxd7 Qxd7 13. Bxf6 Bxf6 14. dxc5 Qc7 15. Nd2 b4 16. cxb4 axb4 17. Qc2 Rfc8 18. Nb3 Qe5 19. Qd2 Qxb2 20. Qxb4 Bc6 21. e3 Bc3 22. Reb1 Bxb4 23. Rxb2 Bc3 24. Rab1 Bxb2 25. Rxb2 Rcb8 26. Rc2 Rxb3 27. axb3 Ra1+ 28. Bf1 Bb5 29. c6 Bxf1 30. c7 Bh3+ 0-1

[Event "Stuttgart-chA op"]
[Site "Ditzingen"]
[Date "2015.05.14"]
[Round "2"]
[White "Aksenov, Pavel"]
[Black "Gehringer, Frank"]
[Result "1/2-1/2"]
[WhiteElo "2097"]
[BlackElo "2050"]
[PlyCount "86"]
[EventDate "2015.05.14"]
[EventType "swiss"]
[EventRounds "7"]
[EventCountry "GER"]
[SourceTitle "EXT 2018"]
[Source "ChessBase"]
[SourceDate "2017.10.13"]
[SourceVersion "1"]
[SourceVersionDate "2017.10.13"]
[SourceQuality "1"]

1. d4 d5 2. c4 e5 3. dxe5 d4 4. a3 Nc6 5. Nf3 Bg4 6. Nbd2 Qe7 7. h3 Bxf3 8. Nxf3 0-0-0 9. Bf4 f6 10. exf6 Nxf6 11. Qd3 Ne4 12. h4 h6 13. g3 Nc5 14. Qf5+ Kb8 15. b4 Ne6 16. Bd2 d3 17. Rd1 dxe2 18. Bxe2 Ned4 19. Nxd4 Nxd4 20. Qd3 Nc6 21. Qe3 Qf7 22. 0-0 Re8 23. Qf3 Qe6 24. Be3 Bd6 25. c5 Be5 26. b5 Ne7 27. b6 axb6 28. cxb6 Rhf8 29. bxc7+ Bxc7 30. Qg2 g5 31. hxg5 hxg5 32. Bf3 Nf5 33. Bc5 Bd6 34. Bxd6+ Nxd6 35. Rxd6 Qxd6 36. Bxb7 Re7 37. Rb1 Qd3 38. Be4+ Qxb1+ 39. Bxb1 Re1+ 40. Qf1 Rxf1+ 41. Kxf1 Rf3 42. a4 Ra3 43. Bc2 Kc7 1/2-1/2

[Event "Nittenau-ch 14th"]
[Site "Nittenau"]
[Date "2014.09.06"]
[Round "2"]
[White "Weber, Helmut"]
[Black "Gehringer, Frank"]
[Result "1/2-1/2"]
[WhiteElo "1518"]
[BlackElo "1837"]
[PlyCount "133"]
[EventDate "2014.09.05"]
[EventType "swiss"]
[EventRounds "5"]
[EventCountry "GER"]
[SourceTitle "CBM 162 Extra"]
[Source "ChessBase"]
[SourceDate "2014.10.17"]
[SourceVersion "1"]
[SourceVersionDate "2014.10.17"]
[SourceQuality "1"]

1. e4 Nf6 2. d3 e5 3. Nf3 Nc6 4. g3 Bc5 5. Bg2 d6 6. 0-0 h6 7. Nc3 Be6 8. a3 Qd7 9. Na4 Bb6 10. h4 0-0 11. Nxb6 axb6 12. c3 Bh3 13. Nh2 Bxg2 14. Kxg2 d5 15. Qe2 Rfe8 16. g4 dxe4 17. dxe4 Qe6 18. g5 hxg5 19. hxg5 Nd7 20. Rh1 Qg6 21. Nf3 Nc5 22. Re1 Ra4 23. b4 Nb3 24. Qc2 Qe6 25. Kg3 Rea8 26. Ra2 Nxc1 27. Rxc1 Rxa3 28. Rxa3 Rxa3 29. b5 Ne7 30. Qd2 Ra8 31. Rd1 Ng6 32. Qd5 Qxd5 33. Rxd5 f6 34. gxf6 gxf6 35. Rd7 Rc8 36. Kg4 Nf8 37. Re7 Ng6 38. Rd7 Nf8 39. Re7 c6 40. Rxb7 cxb5 41. Rxb6 Rxc3 42. Rxf6 b4 43. Rb6 Rc4 44. Ng5 Nd7 45. Rd6 Rd4 46. Rxd4 exd4 47. Nf3 d3 48. Nd2 Nc5 49. Kf5 b3 50. Ke5 b2 51. Kd4 Nb3+ 52. Kc3 Nxd2 53. Kxb2 Nxe4 54. Kc1 Nxf2 55. Kd2 Kf7 56. Ke3 Ke6 57. Kxf2 Kd5 58. Ke3 Kc4 59. Kd2 Kd4 60. Kd1 Kc5 61. Kc1 Kb4 62. Kd2 Kc4 63. Kd1 Kc3 64. Kc1 Kd4 65. Kd2 Ke4 66. Kd1 Ke3 67. Ke1 1/2-1/2

[Event "Stuttgart-ch"]
[Site "Stuttgart"]
[Date "2010.05.13"]
[Round "1"]
[White "Gehringer, Frank"]
[Black "Zeller, Frank"]
[Result "0-1"]
[WhiteElo "2039"]
[BlackElo "2439"]
[PlyCount "82"]
[EventDate "2010.05.13"]
[EventType "swiss"]
[EventRounds "7"]
[EventCountry "GER"]
[SourceTitle "CBM 136 Extra"]
[Source "ChessBase"]
[SourceDate "2010.07.02"]
[SourceVersion "2"]
[SourceVersionDate "2010.07.15"]
[SourceQuality "1"]

1. e4 c5 2. Nf3 d6 3. d4 cxd4 4. Nxd4 Nf6 5. f3 a6 6. c4 e6 7. Be2 Be7 8. Be3 0-0 9. 0-0 b6 10. Nc3 Bb7 11. Qd2 Qc7 12. Rac1 Nbd7 13. Rfd1 Rac8 14. Kh1 Qb8 15. Nc2 Rfe8 16. Bf1 Ba8 17. a3 Nc5 18. Qf2 Nb3 19. Rb1 Nd7 20. Nd4 Na5 21. b3 b5 22. cxb5 Rxc3 23. Bd2 Rc5 24. Bxa5 axb5 25. Nxb5 Rxb5 26. Bxb5 Qxb5 27. Bc7 d5 28. exd5 Bxd5 29. a4 Qb7 30. Rdc1 Rc8 31. Qg3 h5 32. h4 Qb4 33. f4 Nc5 34. Be5 f6 35. Bc3 Qe4 36. Bd2 Rd8 37. b4 Bc6 38. Re1 Qf5 39. bxc5 Rxd2 40. Ra1 Kh7 41. Rg1 Rd3 0-1

[Event "Stuttgart-chA int"]
[Site "Ditzingen"]
[Date "2010.05.13"]
[Round "2"]
[White "Gruenert, Thomas"]
[Black "Gehringer, Frank"]
[Result "0-1"]
[WhiteElo "1929"]
[BlackElo "2039"]
[PlyCount "44"]
[EventDate "2010.05.13"]
[EventType "swiss"]
[EventRounds "7"]
[EventCountry "GER"]
[SourceTitle "EXT 2018"]
[Source "ChessBase"]
[SourceDate "2017.10.13"]
[SourceVersion "1"]
[SourceVersionDate "2017.10.13"]
[SourceQuality "1"]

1. d4 Nf6 2. Nf3 d5 3. e3 e6 4. Bd3 c5 5. c3 Nc6 6. Nbd2 Bd6 7. 0-0 0-0 8. dxc5 Bxc5 9. e4 Qc7 10. exd5 exd5 11. h3 Re8 12. Nb3 Bb6 13. Bg5 Ne4 14. Qc2 Bxh3 15. Bh4 Qf4 16. Bxe4 dxe4 17. Nbd4 exf3 18. Bg3 Nxd4 19. cxd4 Qf5 20. Qc3 Bxg2 21. Rfe1 Qh3 22. Bh2 Bh1 0-1

[Event "Stuttgart-chA int"]
[Site "Ditzingen"]
[Date "2008.05.03"]
[Round "5"]
[White "Yin, Stanley"]
[Black "Gehringer, Frank"]
[Result "1/2-1/2"]
[WhiteElo "1923"]
[BlackElo "2035"]
[PlyCount "40"]
[EventDate "2008.05.01"]
[EventType "swiss"]
[EventRounds "7"]
[EventCountry "GER"]
[SourceTitle "EXT 2018"]
[Source "ChessBase"]
[SourceDate "2017.10.13"]
[SourceVersion "1"]
[SourceVersionDate "2017.10.13"]
[SourceQuality "1"]

1. g3 Nf6 2. Bg2 d5 3. c3 g6 4. d3 Bg7 5. Nf3 c5 6. Na3 Nc6 7. 0-0 0-0 8. Nd2 Bf5 9. e4 dxe4 10. dxe4 Bg4 11. f3 Bd7 12. f4 e5 13. f5 Ne8 14. Ndc4 Rb8 15. Be3 b6 16. Qd2 Bc8 17. Qxd8 Nxd8 18. Rad1 Ba6 19. Rf2 f6 20. Bf1 Bb7 1/2-1/2

[Event "Stuttgart-chA int"]
[Site "Ditzingen"]
[Date "2005.05.05"]
[Round "2"]
[White "Gehringer, Frank"]
[Black "Weeks, Manuel William"]
[Result "0-1"]
[WhiteElo "2098"]
[BlackElo "2238"]
[PlyCount "56"]
[EventDate "2005.05.05"]
[EventType "swiss"]
[EventRounds "7"]
[EventCountry "GER"]
[SourceTitle "EXT 2018"]
[Source "ChessBase"]
[SourceDate "2017.10.13"]
[SourceVersion "1"]
[SourceVersionDate "2017.10.13"]
[SourceQuality "1"]

1. e4 c5 2. Nf3 Nc6 3. c3 d5 4. exd5 Qxd5 5. d4 cxd4 6. cxd4 e5 7. Nc3 Bb4 8. dxe5 Qxd1+ 9. Kxd1 Bg4 10. Bg5 f6 11. exf6 0-0-0+ 12. Kc1 Nxf6 13. Bc4 Rhe8 14. Be3 Kb8 15. Nb5 Re4 16. Bb3 Rc8 17. Kd1 Rd8+ 18. Kc1 Rc8 19. Kd1 a6 20. Nc3 Re7 21. h3 Bh5 22. g4 Nxg4 23. hxg4 Bxg4 24. Rxh7 Bxf3+ 25. Kc1 Na5 26. Bd1 Be4 27. Bg4 Rxc3+ 28. bxc3 Ba3+ 0-1